Catalog

Record Details

Catalog Search



Archangel's enigma  Cover Image Book Book

Archangel's enigma / Nalini Singh.

Summary:

"Naasir is the most feral of the powerful group of vampires and angels known as the Seven, his loyalty pledged to the Archangel Raphael. When rumors surface of a plot to murder the former Archangel of Persia, now lost in the Sleep of the Ancients, Naasir is dispatched to find him. For only he possesses the tracking skills required--those more common to predatory animals than to man. Enlisted to accompany Naasir, Andromeda, a young angelic scholar with dangerous secrets is fascinated by his nature--at once playful and brilliant, sensual and brutal. As they race to find the Sleeping archangel before it's too late, Naasir will force her to question all she knows ... and tempt her to walk into the magnificent, feral darkness of his world. But first they must survive an enemy vicious enough to shatter the greatest taboo of the angelic race and plunge the world into a screaming nightmare"-- provided by publisher.

Record details

  • ISBN: 9780425251263
  • ISBN: 0425251268
  • ISBN: 9780575112599
  • ISBN: 057511259X
  • Physical Description: 371 pages ; 18 cm.
  • Edition: Jove mass-market edition.
  • Publisher: New York : Jove Books, ©2015.
Subject: Angels > Fiction.
Vampires > Fiction.
Archangels > Fiction.
Genre: Paranormal romance stories.
Occult fiction.
Fantasy fiction.
Romance fiction.

LDR 02248nam a2200421Ii 4500
001145729
003CONS
00520180220100750.0
008150122s2015 nyu 000 f eng d
010 . ‡a 2016659683
020 . ‡a9780425251263 ‡q(paperback)
020 . ‡a0425251268 ‡q(paperback)
020 . ‡a9780575112599
020 . ‡a057511259X
035 . ‡a(CPomAG)LMN604167
05014. ‡aPR9639.4.S566 ‡bA8815 2015
08204. ‡a823.92 ‡223
1001 . ‡aSingh, Nalini, ‡d1977- ‡eauthor.
24510. ‡aArchangel's enigma / ‡cNalini Singh.
250 . ‡aJove mass-market edition.
264 1. ‡aNew York : ‡bJove Books, ‡c©2015.
300 . ‡a371 pages ; ‡c18 cm.
336 . ‡atext ‡btxt ‡2rdacontent
337 . ‡aunmediated ‡bn ‡2rdamedia
338 . ‡avolume ‡bnc ‡2rdacarrier
4901 . ‡aGuild Hunter series ; ‡v8.
520 . ‡a"Naasir is the most feral of the powerful group of vampires and angels known as the Seven, his loyalty pledged to the Archangel Raphael. When rumors surface of a plot to murder the former Archangel of Persia, now lost in the Sleep of the Ancients, Naasir is dispatched to find him. For only he possesses the tracking skills required--those more common to predatory animals than to man. Enlisted to accompany Naasir, Andromeda, a young angelic scholar with dangerous secrets is fascinated by his nature--at once playful and brilliant, sensual and brutal. As they race to find the Sleeping archangel before it's too late, Naasir will force her to question all she knows ... and tempt her to walk into the magnificent, feral darkness of his world. But first they must survive an enemy vicious enough to shatter the greatest taboo of the angelic race and plunge the world into a screaming nightmare"-- ‡cprovided by publisher.
650 0. ‡aAngels ‡vFiction.
650 0. ‡aVampires ‡vFiction.
650 0. ‡aArchangels ‡vFiction.
655 0. ‡aParanormal romance stories.
655 7. ‡aOccult fiction. ‡2gsafd
655 7. ‡aFantasy fiction. ‡2lcgft
655 7. ‡aRomance fiction. ‡2lcgft
8001 . ‡aSingh, Nalini, ‡d1977- ‡tGuild Hunter series ; ‡v8.
914 . ‡aSCP_kt
959 . ‡i32269001045213 ‡lF Sin ‡aAdult - Fiction ‡tFiction ‡g8.00
852 . ‡p32269001045213 ‡jF Sin ‡gAdult - Fiction ‡cFiction ‡y8.00 ‡bSBPL
901 . ‡a145729 ‡bUnknown ‡c145729 ‡tbiblio

Additional Resources